| 000 | 00797nam a2200253 a 4500 | ||
|---|---|---|---|
| 003 | AR-BaBNM | ||
| 005 | 20251128205708.0 | ||
| 008 | 082120s2002 ||||||||||||||000 | spa|| | ||
| 020 | _a950-534-034-6 | ||
| 040 | _cAR-BaBNM | ||
| 100 | 1 | _aVedia, Joaquín de | |
| 245 | 1 | 0 |
_aCómo los vi yo _bsemblanzas de Mitre, Roca, Jaurès, Clemenceau, Alem, Pellegrini, Bernardo de Irigoyen, Aristóbulo del Valle, Agustín de Vedia, Herrera y Obes, Quintana, Pedro C.Molina, Emilio Becher |
| 260 |
_aBuenos Aires _bA-Z editora _c1994 |
||
| 300 | _a166 p. | ||
| 490 | 0 | _aTestimonial | |
| 650 | 4 | _aBIOGRAFIAS | |
| 650 | 4 | _aLITERATURA | |
| 650 | 4 | _aBIOGRAFIAS | |
| 650 | 4 | _aHISTORIA | |
| 650 | 4 | _aHISTORIA SOCIAL | |
| 655 | _aLITERATURA | ||
| 700 | 1 |
_aLugones, Leopoldo _eprologuista |
|
| 942 | _cBK | ||
| 999 |
_c12440 _d12440 |
||